Central Library OPAC University of Rajshahi

تاريخ الولايات المتحدة الأمريكية = The pocket history of The United States / (Record no. 78625)

MARC details
000 -LEADER
fixed length control field 00948aaa a22002291a 4500
001 - CONTROL NUMBER
control field 78625
003 - CONTROL NUMBER IDENTIFIER
rucl marc code BD-RjUL
005 - DATE AND TIME OF LATEST TRANSACTION
control field 20211209083144.0
008 - FIXED-LENGTH DATA ELEMENTS--GENERAL INFORMATION
fixed length control field 211024t19511942ua ||||| |||| 00| 0 ara d
035 ## - SYSTEM CONTROL NUMBER
System control number (BD-RjUL)78851
040 ## - CATALOGING SOURCE
Original cataloging agency BD-RjUL
Language of cataloging eng
Transcribing agency BD-RjUL
041 ## - LANGUAGE CODE
Language code of text/sound track or separate title ara
082 ## - DEWEY DECIMAL CLASSIFICATION NUMBER
Edition number 23
Classification number 973
Author mark and year NUT 1951
100 1# - MAIN ENTRY--PERSONAL NAME
Personal name نفنز، ألن = Nevins, Alan
9 (RLIN) 249269
245 10 - TITLE STATEMENT
Title تاريخ الولايات المتحدة الأمريكية = The pocket history of The United States /
Statement of responsibility, etc. ألن نيفينز، هنري ستيل كومجر ؛ نقله إلى العربية مصطفى عامر = Allen Nevins, Henry Steele Kumger; Translated into Arabic by Mustafa Amer
300 ## - PHYSICAL DESCRIPTION
Pagination 580 p. ;
Size 24 cm.
650 ## - SUBJECT ADDED ENTRY--TOPICAL TERM
Topical term or geographic name as entry element United States
Form subdivision History
9 (RLIN) 249270
651 ## - SUBJECT ADDED ENTRY--GEOGRAPHIC NAME
Geographic name United States
9 (RLIN) 249271
700 ## - ADDED ENTRY--PERSONAL NAME
Personal name Amer, Mustafa ; عامر، مصطفى
Personal name كومجر، هنري ستيل ;;Kumger, Henry Steele
942 ## - ADDED ENTRY ELEMENTS (KOHA)
Source of classification or shelving scheme Dewey Decimal Classification
Koha item type Books
Holdings
Lost status Source of classification or shelving scheme Damaged status Not for loan Collection code Permanent Location Current Location Shelving location Date acquired Total Checkouts Full call number Date last seen Copy number Koha item type
  Dewey Decimal Classification   Not For Loan Non-fiction Central Library, University of Rajshahi Central Library, University of Rajshahi Reading Room 24/10/2021   A 973 NUT 1951 24/10/2021 C-1 Books